000
00301nam a22001337a 4500
003
SGT
020
_a
9789391910457
082
_a
615.19
_b
CHA
100
_a
CHAWLA POOJA A
245
_a
PHARMACEUTICAL ORGANIC CHEMISTRY -I
260
_a
INDIA
_b
PHARMA MED
_c
2026
300
_a
171
942
_2
ddc
_c
BK
999
_c
34466
_d
34466